Normal view MARC view
  • United States

Entry Geographic Name

Number of records used in: 5

001 - CONTROL NUMBER

  • control field: 105669

003 - CONTROL NUMBER IDENTIFIER

  • control field: NUST

005 - DATE AND TIME OF LATEST TRANSACTION

  • control field: 20221222124206.0

008 - FIXED-LENGTH DATA ELEMENTS

  • fixed length control field: 221222|| aca||aabn | a|a d

040 ## - CATALOGING SOURCE

  • Original cataloging agency: NUST
  • Transcribing agency: NUST

151 ## - HEADING--GEOGRAPHIC NAME

  • Geographic name: United States
  • General subdivision: Foreign relations
  • Chronological subdivision: 20th century

670 ## - SOURCE DATA FOUND

  • Source citation: Work cat.: (NUST)184246: Abelson, Donald E. 105667, American think-tanks and their role in US foreign policy / , 1996.
© 2023 Central Library, National University of Sciences and Technology. All Rights Reserved.